000 00752nam a2200241 i 4500
001 000049008
003 DO-SdBNP
005 20240118134423.0
007 ta
008 190715s1975 sp ab r 000 0 spa d
040 _aDO-SdBNP
_bspa
_cBNPHU
_erda
082 _aR 036.1
_222
245 0 0 _aGran diccionario enciclopédico ilustrado de nuestro tiempo Duarte /
_cilustraciones Joaquín Montoliu.
264 _aEspaña :
_bEdiciones Foto Repro,
_c1975.
300 _avolumen :
_bilustraciones, mapas ;
_c25 cm.
336 _2rdacontent
_atexto
_btxt
337 _2rdamedia
_asin mediación
_bn
338 _2rdacarrier
_avolumen
_bnc
590 _aInventariado, 2019/BT
700 1 _aMontoliu, Joaquín,
_eil.
_976433
900 _aBT
942 _2ddc
_cLBS1
999 _c48496
_d48496